Statistics for Halloween Songs

Click here to take the quiz!

General Stats

  • This quiz has been taken 111 times
  • The average score is 7 of 43

Answer Stats

HintAnswer% Correct
Michael JacksonThriller
90%
Lady GagaMonster
51%
Ella HendersonGhost
45%
Ray Parker Jr.Ghostbusters
40%
Natalia KillsZombie
35%
The CramberriesZombie
35%
AC/DCHighway to hell
31%
Marilyn MansonThis is Halloween
28%
Katy Perry ft. Juicy JDark Horse
26%
Stevie WonderSuperstition
22%
EvanesenceBring me to life
21%
Little MixBlack Magic
19%
RihannaDisturbia
17%
ShakiraShe wolf
17%
Soft CellTainted Love
17%
RadioheadCreep
16%
Duran DuranHungry like the wolf
16%
Britney SpearsToxic
16%
Sophie Ellis-BextorMurder on the dancefloor
15%
Marilyn MansonSweet Dreams
14%
BeyonceSweet Dreams
14%
Eminem ft. RihannaThe Monster
14%
Taylor SwiftBad Blood
10%
Ne-yoBeautiful Monster
10%
Leona LewisBleeding Love
10%
Katy PerryET
10%
Nelly FurtadoManeater
10%
Mike OldfieldTubular Bells
10%
Backstreet BoysEverybody
7%
Chris IsaakWicked Game
7%
The PoliceEvery breath you take
5%
Tears for fearsMad World
5%
PinkFunhouse
4%
MadonnaGhosttown
3%
Lady GagaBloody Mary
2%
SugababesFreak like me
2%
Fall Out BoysMy songs know what you did in the dark
2%
Nicole ScherzingerPoison
2%
Take thatRelight my fire
2%
Britney Spears ft. Will.i.amScream & Shout
2%
Katy BWitches Brew
2%
PitbullFireball
1%
McFlyTransylvania
1%

Score Distribution

Percentile by Number Answered

Percent of People with Each Score

Your Score History

You have not taken this quiz